<?xml version="1.0" encoding="UTF-8"?>
<record
    xmlns:xsi="http://www.w3.org/2001/XMLSchema-instance"
    xsi:schemaLocation="http://www.loc.gov/MARC21/slim http://www.loc.gov/standards/marcxml/schema/MARC21slim.xsd"
    xmlns="http://www.loc.gov/MARC21/slim">

  <leader>00834nam a22002537a 4500</leader>
  <datafield tag="999" ind1=" " ind2=" ">
    <subfield code="c">4433</subfield>
    <subfield code="d">4433</subfield>
  </datafield>
  <controlfield tag="001">18640</controlfield>
  <controlfield tag="003">BD-DhUAP</controlfield>
  <controlfield tag="005">20201117130740.0</controlfield>
  <controlfield tag="008">201110r20122010ii aa     b    011 0engg d</controlfield>
  <datafield tag="020" ind1=" " ind2=" ">
    <subfield code="a">8121928133</subfield>
  </datafield>
  <datafield tag="040" ind1=" " ind2=" ">
    <subfield code="a">DLC</subfield>
    <subfield code="c">DLC</subfield>
    <subfield code="d">BD-DhUAP</subfield>
    <subfield code="b">Eng</subfield>
  </datafield>
  <datafield tag="082" ind1="0" ind2="0">
    <subfield code="2">23</subfield>
    <subfield code="a">536.7 LAL</subfield>
  </datafield>
  <datafield tag="100" ind1="1" ind2=" ">
    <subfield code="a">Lal, Brij.</subfield>
    <subfield code="9">20739</subfield>
  </datafield>
  <datafield tag="245" ind1="1" ind2="0">
    <subfield code="a">Heat thermodynamics and statistical physics :</subfield>
    <subfield code="b">for B. Sc. Classes as per UGC Model Syllabus /</subfield>
    <subfield code="c">Brij Lal, N. Subrahmanyam and revised by P. S. Hemne.</subfield>
  </datafield>
  <datafield tag="250" ind1=" " ind2=" ">
    <subfield code="a">rev. ed.</subfield>
  </datafield>
  <datafield tag="260" ind1=" " ind2=" ">
    <subfield code="a">New Delhi :</subfield>
    <subfield code="b">S.Chand &amp; Company Ltd.,</subfield>
    <subfield code="c">c2010 [Reprinted 2015].</subfield>
  </datafield>
  <datafield tag="300" ind1=" " ind2=" ">
    <subfield code="a">xix, 665 pages :</subfield>
    <subfield code="b">illustrations ;</subfield>
    <subfield code="c">24 cm.</subfield>
  </datafield>
  <datafield tag="500" ind1=" " ind2=" ">
    <subfield code="a">Includes index.</subfield>
  </datafield>
  <datafield tag="650" ind1=" " ind2=" ">
    <subfield code="a">Thermodynamics</subfield>
  </datafield>
  <datafield tag="650" ind1=" " ind2=" ">
    <subfield code="a">Heat.</subfield>
  </datafield>
  <datafield tag="700" ind1="1" ind2=" ">
    <subfield code="a">Subrahmanyam, N. </subfield>
    <subfield code="9">20741</subfield>
  </datafield>
  <datafield tag="942" ind1=" " ind2=" ">
    <subfield code="2">ddc</subfield>
    <subfield code="c">BK</subfield>
  </datafield>
  <datafield tag="952" ind1=" " ind2=" ">
    <subfield code="0">0</subfield>
    <subfield code="1">0</subfield>
    <subfield code="2">ddc</subfield>
    <subfield code="4">0</subfield>
    <subfield code="7">0</subfield>
    <subfield code="a">UAPCL</subfield>
    <subfield code="b">UAPCL</subfield>
    <subfield code="c">General Stacks</subfield>
    <subfield code="d">2020-11-10</subfield>
    <subfield code="l">8</subfield>
    <subfield code="m">4</subfield>
    <subfield code="o">536.7 LAL</subfield>
    <subfield code="p">3010018640</subfield>
    <subfield code="r">2025-03-20</subfield>
    <subfield code="s">2025-02-20</subfield>
    <subfield code="t">1</subfield>
    <subfield code="w">2020-11-10</subfield>
    <subfield code="y">BK</subfield>
  </datafield>
  <datafield tag="952" ind1=" " ind2=" ">
    <subfield code="0">0</subfield>
    <subfield code="1">0</subfield>
    <subfield code="2">ddc</subfield>
    <subfield code="4">0</subfield>
    <subfield code="7">0</subfield>
    <subfield code="a">UAPCL</subfield>
    <subfield code="b">UAPCL</subfield>
    <subfield code="c">General Stacks</subfield>
    <subfield code="d">2020-11-10</subfield>
    <subfield code="o">536.7 LAL</subfield>
    <subfield code="p">3010018643</subfield>
    <subfield code="r">2020-11-10</subfield>
    <subfield code="t">2</subfield>
    <subfield code="w">2020-11-10</subfield>
    <subfield code="y">BK</subfield>
  </datafield>
  <datafield tag="952" ind1=" " ind2=" ">
    <subfield code="0">0</subfield>
    <subfield code="1">0</subfield>
    <subfield code="2">ddc</subfield>
    <subfield code="4">0</subfield>
    <subfield code="7">0</subfield>
    <subfield code="a">UAPCL</subfield>
    <subfield code="b">UAPCL</subfield>
    <subfield code="c">General Stacks</subfield>
    <subfield code="d">2020-11-10</subfield>
    <subfield code="l">7</subfield>
    <subfield code="m">4</subfield>
    <subfield code="o">536.7 LAL</subfield>
    <subfield code="p">3010018642</subfield>
    <subfield code="q">2023-03-09</subfield>
    <subfield code="r">2023-02-23</subfield>
    <subfield code="s">2023-02-23</subfield>
    <subfield code="t">3</subfield>
    <subfield code="w">2020-11-10</subfield>
    <subfield code="y">BK</subfield>
  </datafield>
  <datafield tag="952" ind1=" " ind2=" ">
    <subfield code="0">0</subfield>
    <subfield code="1">0</subfield>
    <subfield code="2">ddc</subfield>
    <subfield code="4">0</subfield>
    <subfield code="7">0</subfield>
    <subfield code="a">UAPCL</subfield>
    <subfield code="b">UAPCL</subfield>
    <subfield code="c">General Stacks</subfield>
    <subfield code="d">2020-11-10</subfield>
    <subfield code="l">12</subfield>
    <subfield code="m">3</subfield>
    <subfield code="o">536.7 LAL</subfield>
    <subfield code="p">3010018639</subfield>
    <subfield code="r">2026-02-26</subfield>
    <subfield code="s">2026-02-22</subfield>
    <subfield code="t">4</subfield>
    <subfield code="w">2020-11-10</subfield>
    <subfield code="y">BK</subfield>
  </datafield>
  <datafield tag="952" ind1=" " ind2=" ">
    <subfield code="0">0</subfield>
    <subfield code="1">0</subfield>
    <subfield code="2">ddc</subfield>
    <subfield code="4">0</subfield>
    <subfield code="7">0</subfield>
    <subfield code="a">UAPCL</subfield>
    <subfield code="b">UAPCL</subfield>
    <subfield code="c">General Stacks</subfield>
    <subfield code="d">2020-11-10</subfield>
    <subfield code="l">13</subfield>
    <subfield code="m">4</subfield>
    <subfield code="o">536.7 LAL</subfield>
    <subfield code="p">3010018641</subfield>
    <subfield code="r">2025-04-16</subfield>
    <subfield code="s">2025-03-03</subfield>
    <subfield code="t">5</subfield>
    <subfield code="w">2020-11-10</subfield>
    <subfield code="y">BK</subfield>
  </datafield>
  <datafield tag="952" ind1=" " ind2=" ">
    <subfield code="0">0</subfield>
    <subfield code="1">0</subfield>
    <subfield code="2">ddc</subfield>
    <subfield code="4">0</subfield>
    <subfield code="7">0</subfield>
    <subfield code="a">UAPCL</subfield>
    <subfield code="b">UAPCL</subfield>
    <subfield code="c">General Stacks</subfield>
    <subfield code="d">2020-11-10</subfield>
    <subfield code="l">10</subfield>
    <subfield code="m">8</subfield>
    <subfield code="o">536.7 LAL</subfield>
    <subfield code="p">3010005880</subfield>
    <subfield code="r">2025-04-06</subfield>
    <subfield code="s">2025-02-09</subfield>
    <subfield code="t">6</subfield>
    <subfield code="w">2020-11-10</subfield>
    <subfield code="y">BK</subfield>
  </datafield>
  <datafield tag="952" ind1=" " ind2=" ">
    <subfield code="0">0</subfield>
    <subfield code="1">0</subfield>
    <subfield code="2">ddc</subfield>
    <subfield code="4">0</subfield>
    <subfield code="7">0</subfield>
    <subfield code="a">UAPCL</subfield>
    <subfield code="b">UAPCL</subfield>
    <subfield code="c">General Stacks</subfield>
    <subfield code="d">2024-12-15</subfield>
    <subfield code="l">1</subfield>
    <subfield code="m">1</subfield>
    <subfield code="o">536.7 LAL</subfield>
    <subfield code="p">3010022495</subfield>
    <subfield code="r">2025-03-02</subfield>
    <subfield code="s">2025-02-02</subfield>
    <subfield code="t">7</subfield>
    <subfield code="v">1095.00</subfield>
    <subfield code="w">2024-12-15</subfield>
    <subfield code="y">BK</subfield>
  </datafield>
  <datafield tag="952" ind1=" " ind2=" ">
    <subfield code="0">0</subfield>
    <subfield code="1">0</subfield>
    <subfield code="2">ddc</subfield>
    <subfield code="4">0</subfield>
    <subfield code="7">0</subfield>
    <subfield code="a">UAPCL</subfield>
    <subfield code="b">UAPCL</subfield>
    <subfield code="c">General Stacks</subfield>
    <subfield code="d">2024-12-15</subfield>
    <subfield code="l">2</subfield>
    <subfield code="o">536.7 LAL</subfield>
    <subfield code="p">3010022496</subfield>
    <subfield code="r">2025-08-11</subfield>
    <subfield code="s">2025-07-23</subfield>
    <subfield code="t">8</subfield>
    <subfield code="v">1095.00</subfield>
    <subfield code="w">2024-12-15</subfield>
    <subfield code="y">BK</subfield>
  </datafield>
  <datafield tag="952" ind1=" " ind2=" ">
    <subfield code="0">0</subfield>
    <subfield code="1">0</subfield>
    <subfield code="2">ddc</subfield>
    <subfield code="4">0</subfield>
    <subfield code="7">0</subfield>
    <subfield code="a">UAPCL</subfield>
    <subfield code="b">UAPCL</subfield>
    <subfield code="c">General Stacks</subfield>
    <subfield code="d">2024-12-15</subfield>
    <subfield code="l">3</subfield>
    <subfield code="o">536.7 LAL</subfield>
    <subfield code="p">3010022497</subfield>
    <subfield code="q">2025-08-11</subfield>
    <subfield code="r">2025-07-28</subfield>
    <subfield code="s">2025-07-28</subfield>
    <subfield code="t">9</subfield>
    <subfield code="v">1095.00</subfield>
    <subfield code="w">2024-12-15</subfield>
    <subfield code="y">BK</subfield>
  </datafield>
  <datafield tag="952" ind1=" " ind2=" ">
    <subfield code="0">0</subfield>
    <subfield code="1">0</subfield>
    <subfield code="2">ddc</subfield>
    <subfield code="4">0</subfield>
    <subfield code="7">0</subfield>
    <subfield code="a">UAPCL</subfield>
    <subfield code="b">UAPCL</subfield>
    <subfield code="c">General Stacks</subfield>
    <subfield code="d">2024-12-15</subfield>
    <subfield code="l">1</subfield>
    <subfield code="o">536.7 LAL</subfield>
    <subfield code="p">3010022498</subfield>
    <subfield code="r">2025-02-19</subfield>
    <subfield code="s">2025-02-05</subfield>
    <subfield code="t">10</subfield>
    <subfield code="v">1095.00</subfield>
    <subfield code="w">2024-12-15</subfield>
    <subfield code="y">BK</subfield>
  </datafield>
  <datafield tag="952" ind1=" " ind2=" ">
    <subfield code="0">0</subfield>
    <subfield code="1">0</subfield>
    <subfield code="2">ddc</subfield>
    <subfield code="4">0</subfield>
    <subfield code="7">0</subfield>
    <subfield code="a">UAPCL</subfield>
    <subfield code="b">UAPCL</subfield>
    <subfield code="c">General Stacks</subfield>
    <subfield code="d">2024-12-15</subfield>
    <subfield code="l">2</subfield>
    <subfield code="o">536.7 LAL</subfield>
    <subfield code="p">3010022499</subfield>
    <subfield code="r">2025-03-20</subfield>
    <subfield code="s">2025-03-05</subfield>
    <subfield code="t">11</subfield>
    <subfield code="v">1095.00</subfield>
    <subfield code="w">2024-12-15</subfield>
    <subfield code="y">BK</subfield>
  </datafield>
  <datafield tag="952" ind1=" " ind2=" ">
    <subfield code="0">0</subfield>
    <subfield code="1">0</subfield>
    <subfield code="2">ddc</subfield>
    <subfield code="4">0</subfield>
    <subfield code="7">0</subfield>
    <subfield code="a">UAPCL</subfield>
    <subfield code="b">UAPCL</subfield>
    <subfield code="c">General Stacks</subfield>
    <subfield code="d">2024-12-15</subfield>
    <subfield code="o">536.7 LAL</subfield>
    <subfield code="p">3010022500</subfield>
    <subfield code="r">2024-12-15</subfield>
    <subfield code="t">12</subfield>
    <subfield code="v">1095.00</subfield>
    <subfield code="w">2024-12-15</subfield>
    <subfield code="y">BK</subfield>
  </datafield>
  <datafield tag="952" ind1=" " ind2=" ">
    <subfield code="0">0</subfield>
    <subfield code="1">0</subfield>
    <subfield code="2">ddc</subfield>
    <subfield code="4">0</subfield>
    <subfield code="7">0</subfield>
    <subfield code="a">UAPCL</subfield>
    <subfield code="b">UAPCL</subfield>
    <subfield code="c">General Stacks</subfield>
    <subfield code="d">2024-12-15</subfield>
    <subfield code="o">536.7 LAL</subfield>
    <subfield code="p">3010022501</subfield>
    <subfield code="r">2024-12-15</subfield>
    <subfield code="t">13</subfield>
    <subfield code="w">2024-12-15</subfield>
    <subfield code="y">BK</subfield>
  </datafield>
  <datafield tag="952" ind1=" " ind2=" ">
    <subfield code="0">0</subfield>
    <subfield code="1">0</subfield>
    <subfield code="2">ddc</subfield>
    <subfield code="4">0</subfield>
    <subfield code="7">0</subfield>
    <subfield code="a">UAPCL</subfield>
    <subfield code="b">UAPCL</subfield>
    <subfield code="c">General Stacks</subfield>
    <subfield code="d">2024-12-15</subfield>
    <subfield code="o">536.7 LAL</subfield>
    <subfield code="p">3010022502</subfield>
    <subfield code="r">2024-12-15</subfield>
    <subfield code="t">14</subfield>
    <subfield code="v">1095.00</subfield>
    <subfield code="w">2024-12-15</subfield>
    <subfield code="y">BK</subfield>
  </datafield>
  <datafield tag="952" ind1=" " ind2=" ">
    <subfield code="0">0</subfield>
    <subfield code="1">0</subfield>
    <subfield code="2">ddc</subfield>
    <subfield code="4">0</subfield>
    <subfield code="7">0</subfield>
    <subfield code="a">UAPCL</subfield>
    <subfield code="b">UAPCL</subfield>
    <subfield code="c">General Stacks</subfield>
    <subfield code="d">2024-12-15</subfield>
    <subfield code="o">536.7 LAL</subfield>
    <subfield code="p">3010022503</subfield>
    <subfield code="r">2024-12-15</subfield>
    <subfield code="t">15</subfield>
    <subfield code="v">1095.00</subfield>
    <subfield code="w">2024-12-15</subfield>
    <subfield code="y">BK</subfield>
  </datafield>
  <datafield tag="952" ind1=" " ind2=" ">
    <subfield code="0">0</subfield>
    <subfield code="1">0</subfield>
    <subfield code="2">ddc</subfield>
    <subfield code="4">0</subfield>
    <subfield code="7">0</subfield>
    <subfield code="a">UAPCL</subfield>
    <subfield code="b">UAPCL</subfield>
    <subfield code="c">General Stacks</subfield>
    <subfield code="d">2024-12-15</subfield>
    <subfield code="o">536.7 LAL</subfield>
    <subfield code="p">3010022504</subfield>
    <subfield code="r">2024-12-15</subfield>
    <subfield code="t">16</subfield>
    <subfield code="v">1095.00</subfield>
    <subfield code="w">2024-12-15</subfield>
    <subfield code="y">BK</subfield>
  </datafield>
</record>
